header

The right and wrong of compulsion by the state, and other essays (Record no. 204426)

MARC details
000 -LEADER
fixed length control field 01796nam a2200361 a 4500
082 04 - DEWEY DECIMAL CLASSIFICATION NUMBER
Classification number 323.4
100 1# - MAIN ENTRY--AUTHOR NAME
Personal name Herbert, Auberon,
245 14 - TITLE STATEMENT
Title The right and wrong of compulsion by the state, and other essays
260 ## - PUBLICATION, DISTRIBUTION, ETC. (IMPRINT)
Place of publication Indianapolis :
Name of publisher Liberty Classics,
Year of publication c1978.
300 ## - PHYSICAL DESCRIPTION
Number of Pages 425 p. :
Other physical details port.
505 0# - FORMATTED CONTENTS NOTE
Formatted contents note Introduction / Eric Mack -- Selective bibliography -- The choices between personal freedom and state protection -- State education: help or hindrance? -- A politician in sight of haven -- The right and wrong of compulsion by the state -- The ethics of dynamite -- Salvation by force -- Lost in the region of phrases -- Mr. Spencer and the great machine -- A plea for voluntaryism -- The principles of voluntaryism and free life -- Index.
650 #0 - SUBJECT ADDED ENTRY--TOPICAL TERM
Topical Term Individualism.
Topical Term Liberty.
700 1# - ADDED ENTRY--PERSONAL NAME
Personal name Mack, Eric,
856 40 - ELECTRONIC LOCATION AND ACCESS
Uniform Resource Identifier http://site.ebrary.com/lib/rucke/Doc?id=10614213

No items available.

© 2026 Rongo University
Contact us: librarian | system librarian | Rongo university